Profile: Fellowship of the Ring Quiz Stats

 Plays Quiz not verified by Sporcle

Score 0/90 Timer 12:00
0 Plays Today
% Correct
Hobbit
98.9%
Hobbit
98.9%
Hobbit
98.9%
Hobbit
98.9%
The Shire
97.9%
The Shire
97.9%
The Shire
97.9%
The Shire
97.9%
Men
93.6%
Men
93.6%
Elf
92.5%
The One Ring
92%
Dwarf
90.9%
Istari
89.3%
Elijah Wood
86.6%
Bow and Arrow
84%
Bilbo Baggins
82.4%
Orlando Bloom
81.3%
Battle Axe
79.7%
Sting
77.5%
Gondor
77.5%
Arwen Evenstar
76.5%
Faramir
73.8%
Gloin
72.2%
Balrog
71.7%
Ian Mckellen
71.7%
Shadowfax
71.7%
Sean Bean
70.6%
Sean Astin
70.1%
Viggo Mortensen
69.5%
% Correct
Gardener
69%
Witch-king of Angmar
67.9%
Arathorn II
65.2%
Uruk-Hai
65.2%
Minas Tirith
64.7%
Rohan
62%
kill the most orcs
61.5%
Prince of the Woodland Realm
58.3%
Hamfast Gamgee
57.8%
Drogo Baggins
57.2%
Mirkwood
56.7%
The Mountains
56.7%
Mithrandir
52.4%
John Rhys-Davies
50.8%
Billy Boyd
49.7%
Rivendell
48.1%
Thranduil
46.5%
'at the end of all things.'
44.9%
Third
44.9%
Glamdring
44.9%
'to Isengard.'
44.4%
Dominic Monaghan
43.9%
Anduril Flame of the West
40.6%
Denethor II
39.6%
'but not for me.'
38%
22
38%
'with the time that is given to us.'
36.9%
Elven Rope and Box of Earth
34.8%
'give it to them?'
32.6%
'is even worse.'
32.6%
% Correct
Paladin Took II
24.6%
'or death take me.'
24.6%
'that was broken.'
24.6%
'where I can't follow!'
22.5%
Saradoc Brandybuck
19.8%
'A Feast!'
19.3%
Primula Brandybuck
17.6%
Gilraen
17.6%
'I can feel it.'
12.8%
'so small a thing.'
12.3%
Three strands of her hair
11.8%
'the road darkens.'
11.8%
Finduilas
9.6%
Bell Goodchild
8.6%
'that which is given'
7.5%
'comes the end of our fellowship'
6.4%
'the orc that one fears.'
6.4%
Esmeralda Took
5.9%
Eglantine Banks
5.9%
'of friends.'
5.3%
'is given to the morning.'
5.3%
'to be left behind'
4.8%
'moon and stars.'
3.2%
'carve you into mincemeat.'
2.1%
'depart forever'
2.1%
'me go on.'
1.6%
'light and joy'
1.6%
'fire and the abyss.'
1.1%
'beyond your bounds.'
1.1%
'that have gone before me.'
1.1%

You're not logged in!

Compare scores with friends on all Sporcle quizzes.
OR
Log In

Show Comments

Extras

Created Feb 16, 2012SourceReportNominate
Tags:fellowship, profile, ring

Top Quizzes Today


Score Distribution

Your Account Isn't Verified!

In order to create a playlist on Sporcle, you need to verify the email address you used during registration. Go to your Sporcle Settings to finish the process.

Report this User

Report this user for behavior that violates our Community Guidelines.

Details: